UBT Library

Purkinje's vision : (Record no. 44046)

000 -LEADER
fixed length control field 00886cam a22002414a 4500
001 - CONTROL NUMBER
control field 12223843
005 - DATE AND TIME OF LATEST TRANSACTION
control field 20180302072427.0
008 - FIXED-LENGTH DATA ELEMENTS--GENERAL INFORMATION
fixed length control field 001106s2001 njua b 001 0beng
010 ## - LIBRARY OF CONGRESS CONTROL NUMBER
LC control number 00065416
020 ## - INTERNATIONAL STANDARD BOOK NUMBER
International Standard Book Number 080583642X (cloth : alk. paper)
040 ## - CATALOGING SOURCE
Original cataloging agency DLC
Transcribing agency DLC
Modifying agency DLC
041 ## - LANGUAGE CODE
Language code of text/sound track or separate title eng
042 ## - AUTHENTICATION CODE
Authentication code pcc
080 ## - UNIVERSAL DECIMAL CLASSIFICATION NUMBER
Universal Decimal Classification number 612.8092 WAD
082 00 - DEWEY DECIMAL CLASSIFICATION NUMBER
Classification number 612.8092 WAD
-- B
Edition number 21
100 1# - Rafti
Rafti 10
101 ## - Shkurtesa
Shkurtesa SHM
245 10 - TITLE STATEMENT
Title Purkinje's vision :
Statement of responsibility, etc by Nicholas J. Wade and Josef Brožek, in collaboration with Jiří Hoskovec.
504 ## - BIBLIOGRAPHY, ETC. NOTE
Bibliography, etc Includes bibliographical references (p. 129-140) and indexes.
906 ## - LOCAL DATA ELEMENT F, LDF (RLIN)
a 7
b cbc
c orignew
d 1
e ocip
f 20
g y-gencatlg
942 ## - ADDED ENTRY ELEMENTS (KOHA)
Source of classification or shelving scheme
Item type Books
Holdings
Withdrawn status Lost status Source of classification or shelving scheme Damaged status Not for loan Collection code Permanent location Current location Shelving location Date acquired Total Checkouts Full call number Barcode Date last seen Price effective from Koha item type
          Koleksioni i përgjithshem UBT - Lipjan UBT - Lipjan Koleksioni i përgjithshem 03/02/2018   612.8092 WAD 002-3000535 03/02/2018 03/02/2018 Books
UBT Library © 2015-2024. All rights reserved University Education for Business and Technology